[Event "Krakow Malopolski-chA"]
[Site "Krakow"]
[Date "2014.05.02"]
[Round "6"]
[White "Al Ali, Hussein Ali Hussein"]
[Black "Watorek, Marcin"]
[Result "1/2-1/2"]
[WhiteElo "2259"]
[BlackElo "2095"]
[PlyCount "119"]
[EventDate "2014.04.27"]
[EventType "swiss"]
[EventRounds "9"]
[EventCountry "POL"]
[SourceTitle "CBM 160 Extra"]
[Source "ChessBase"]
[SourceDate "2014.07.01"]
[SourceVersion "1"]
[SourceVersionDate "2014.07.01"]
[SourceQuality "1"]

1. Nf3 d5 2. g3 Nf6 3. Bg2 c6 4. 0-0 Bg4 5. d3 Nbd7 6. Nbd2 e6 7. e4 Be7 8. h3 Bxf3 9. Qxf3 0-0 10. d4 dxe4 11. Nxe4 Nxe4 12. Qxe4 Nf6 13. Qd3 Qd7 14. Qb3 Rfd8 15. c3 Rac8 16. a4 Nd5 17. c4 Nb4 18. Bd2 a5 19. Rad1 Qc7 20. Bc3 c5 21. d5 exd5 22. Bxd5 Nxd5 23. Rxd5 Rxd5 24. cxd5 Bd6 25. Qc4 Re8 26. Qg4 g6 27. Qh4 Be5 28. Re1 f6 29. Qc4 Kf8 30. Bxe5 Rxe5 31. Rxe5 fxe5 32. Qh4 Qe7 33. Qg4 Kg7 34. Qc8 Kf6 35. Qh8+ Kf5 36. Qc8+ Kf6 37. Qa8 e4 38. Qb8 Kf7 39. d6 Qd7 40. Qc7 Ke6 41. Qxa5 Qxd6 42. Qb5 Qd1+ 43. Kh2 Qd4 44. Qb6+ Ke5 45. Qc7+ Ke6 46. Kg2 Qd5 47. Kh2 Qd4 48. Qb6+ Ke5 49. Kg2 Qd5 50. Qc7+ Ke6 51. Qc8+ Kd6 52. Kh2 Qd4 53. Qf8+ Ke6 54. b3 Kd7 55. Qf7+ Kd6 56. Kg2 Qd5 57. Qf4+ Ke6 58. Qe3 Qd4 59. Qh6 Qd5 60. Qe3 1/2-1/2

[Event "Krakow Malopolski-chA"]
[Site "Krakow"]
[Date "2014.04.30"]
[Round "4"]
[White "Watorek, Marcin"]
[Black "Chiya, Mder Hamad"]
[Result "1-0"]
[WhiteElo "2095"]
[BlackElo "2045"]
[PlyCount "57"]
[EventDate "2014.04.27"]
[EventType "swiss"]
[EventRounds "9"]
[EventCountry "POL"]
[SourceTitle "CBM 160 Extra"]
[Source "ChessBase"]
[SourceDate "2014.07.01"]
[SourceVersion "1"]
[SourceVersionDate "2014.07.01"]
[SourceQuality "1"]

1. d4 Nf6 2. Nf3 e6 3. c4 b6 4. a3 Bb7 5. Nc3 Be7 6. d5 0-0 7. e4 exd5 8. cxd5 Re8 9. Bd3 Ba6 10. 0-0 Bd6 11. Bg5 h6 12. Bh4 g5 13. Bg3 Bxg3 14. hxg3 c5 15. e5 Nh7 16. Bxh7+ Kxh7 17. Ne4 Bxf1 18. Qc2 Kg7 19. Nf6 Rh8 20. Rxf1 d6 21. Qf5 dxe5 22. Nh5+ Kg8 23. Nxe5 Qe7 24. f4 c4 25. fxg5 hxg5 26. d6 Qe6 27. Qxg5+ Kf8 28. Qd8+ Qe8 29. Rxf7+ 1-0

[Event "Krakow Malopolski-chA"]
[Site "Krakow"]
[Date "2014.04.29"]
[Round "3"]
[White "Grabarczyk, Miroslaw"]
[Black "Watorek, Marcin"]
[Result "1-0"]
[WhiteElo "2471"]
[BlackElo "2095"]
[PlyCount "51"]
[EventDate "2014.04.27"]
[EventType "swiss"]
[EventRounds "9"]
[EventCountry "POL"]
[SourceTitle "CBM 160 Extra"]
[Source "ChessBase"]
[SourceDate "2014.07.01"]
[SourceVersion "1"]
[SourceVersionDate "2014.07.01"]
[SourceQuality "1"]

1. d4 Nf6 2. c4 e6 3. Nf3 c5 4. d5 exd5 5. cxd5 d6 6. Nc3 g6 7. e4 a6 8. a4 Bg4 9. Be2 Bg7 10. 0-0 0-0 11. Re1 Bxf3 12. Bxf3 Nbd7 13. a5 Qe7 14. Be2 Rfe8 15. Bd2 h5 16. Bf1 Ne5 17. h3 c4 18. f4 Nfg4 19. g3 h4 20. hxg4 hxg3 21. g5 Nd7 22. Qg4 Bd4+ 23. Be3 Bxc3 24. bxc3 Qxe4 25. Bd4 Qc2 26. Qxg3 1-0